When did we begin to spell "heteros*edasticity" correctly?/ (Record no. 5905)
[ view plain ]
| 000 -LEADER | |
|---|---|
| fixed length control field | 00635nam a2200169 4500 |
| 008 - FIXED-LENGTH DATA ELEMENTS--GENERAL INFORMATION | |
| fixed length control field | 161128b xxu||||| |||| 00| 0 eng d |
| 022 ## - INTERNATIONAL STANDARD SERIAL NUMBER | |
| International Standard Serial Number | 16551516 |
| 082 ## - DEWEY DECIMAL CLASSIFICATION NUMBER | |
| Classification number | DPer 330.5 P53 June-Dec 2014 V. 51 n. 1 & 2 |
| 100 ## - MAIN ENTRY--PERSONAL NAME | |
| 9 (RLIN) | 17892 |
| Personal name | Paloyo, Alfredo R. |
| 245 ## - TITLE STATEMENT | |
| Title | When did we begin to spell "heteros*edasticity" correctly?/ |
| Statement of responsibility, etc. | Alfredo R. Paloyo. |
| 260 ## - PUBLICATION, DISTRIBUTION, ETC. (IMPRINT) | |
| Place of publication, distribution, etc. | Philippines: |
| Name of publisher, distributor, etc. | UP School of Economics/ The Phil. Economic Society, |
| Date of publication, distribution, etc. | ©2014. |
| 300 ## - PHYSICAL DESCRIPTION | |
| Extent | VLI n1, pages 162-178; |
| Dimensions | 24 cm. |
| 500 ## - GENERAL NOTE | |
| General note | Philippine review of economics. |
| 650 #0 - SUBJECT ADDED ENTRY--TOPICAL TERM | |
| 9 (RLIN) | 17893 |
| Topical term or geographic name as entry element | Spelling reform |
| 650 #0 - SUBJECT ADDED ENTRY--TOPICAL TERM | |
| 9 (RLIN) | 17898 |
| Topical term or geographic name as entry element | English language |
| General subdivision | Spelling |
| 942 ## - ADDED ENTRY ELEMENTS (KOHA) | |
| Source of classification or shelving scheme | Dewey Decimal Classification |
| Koha item type | Periodicals |
| Withdrawn status | Lost status | Source of classification or shelving scheme | Damaged status | Not for loan | Collection code | Home library | Current library | Date acquired | Source of acquisition | Total Checkouts | Full call number | Date last seen | Price effective from | Koha item type | Public note |
|---|---|---|---|---|---|---|---|---|---|---|---|---|---|---|---|
| Dewey Decimal Classification | Periodicals | UM Digos College - LIC | UM Digos College - LIC | 11/28/2016 | DPer 330.5 P53 June-Dec 2014 v. 51 n. 1 & 2 | 11/28/2016 | 11/28/2016 | Periodicals | Periodical article |
